| 000 | 00733nam a2200229 a 4500 | ||
|---|---|---|---|
| 001 | 000021106 | ||
| 005 | 20200930011233.0 | ||
| 008 | 100831s2005 dr ab 000 0 spa d | ||
| 020 | _a9945047000 | ||
| 040 |
_aDO-SdBNP _bspa _cBNPHU |
||
| 082 |
_a972.9301 _bS941t |
||
| 100 | 1 |
_aSubervi, Nelson _944130 |
|
| 245 | 1 | 0 |
_aTaínos : _bsus huellas en el Caribe / _cNelson Subervi, Jorge Ulloa. |
| 260 |
_aSanto Domingo : _bDiscovery, _c2005. |
||
| 300 |
_a69 p. : _bil. ; map. ; _c28 cm. |
||
| 504 | _aBibliografía: p. 68-69 | ||
| 590 | _aInventariado, 2020/BT | ||
| 650 | 4 |
_aTaínos _xVida social y costumbres _944131 |
|
| 650 | 4 |
_aCultura taína _944132 |
|
| 700 | 1 |
_aUlloa, Jorge _944133 |
|
| 910 | _aValidado. Control de calidad MFF | ||
| 999 |
_c20608 _d20608 |
||